| 000 | 01124 am a22003015a 4500 | ||
|---|---|---|---|
| 001 | 016688718 | ||
| 003 | OSt | ||
| 005 | 20160215104721.0 | ||
| 008 | 130816t2014 njua frb 001 0 eng d | ||
| 020 | _a9781118250303 (pbk.) | ||
| 040 |
_aStDuBDS _beng _cStDuBDS _dUk _dEG-ScBUE |
||
| 082 | 0 | 4 |
_a658.1 _222 _bPEP |
| 100 | 1 |
_aPepall, Lynne, _d1952- _939336 |
|
| 245 | 1 | 0 |
_aIndustrial organization : _bcontemporary theory and empirical applications / _cLynne Pepall, Dan Richards, George Norman. |
| 250 | _a5th ed. | ||
| 260 |
_aHoboken : _bJohn Wiley & Sons, _cc.2014. |
||
| 300 |
_aix, 709 p. : _bill. ; _c26 cm. |
||
| 500 | _aIndex : p. 695-709. | ||
| 504 | _aIncludes bibliographical references. | ||
| 650 | 7 |
_aIndustrial organization. _2BUEsh _93176 |
|
| 651 | _2BUEsh | ||
| 653 |
_bBUSECO _cFebruary2016 |
||
| 690 | 7 |
_aManagement and Business Studies _2blcoll |
|
| 700 | 1 | _aRichards, Daniel Jay. | |
| 700 | 1 |
_aNorman, George, _d1946- |
|
| 776 | 0 | 8 |
_iOnline version: _aPepall, Lynne, 1952- _tIndustrial organization _bFifth edition. _w(DLC) 2013034028 _dHoboken, NJ : John Wiley & Sons, [2014] _z9781118476031 |
| 942 | _2ddc | ||
| 999 |
_c21142 _d21114 |
||